Preukazovanie a preskúmavanie vybraných dokladov v samospráve
Príspevok je venovaný vybraným dokladom účtovného a neúčtovného charakteru z hľadiska preskúmavania a preukazovania v praxi jednotiek územne samosprávy. Preskúmavanie zodpovednými zamestnancami sa zameriava na vecnú, formálnu a časovú stránku dokladov ako súčasti účtovných prípadov v územnej samospr...
Enregistré dans:
| Auteur principal: | |
|---|---|
| Format: | Chapitre de livre |
| Langue: | slovaque |
| Sujets: | |
| Tags: |
Pas de tags, Soyez le premier à ajouter un tag!
|
MARC
| LEADER | 00000naa a2200000 4500 | ||
|---|---|---|---|
| 001 | 0302859 | ||
| 005 | 20240628095449.5 | ||
| 041 | 0 | |a slo | |
| 044 | |a SK | ||
| 245 | 1 | 0 | |a Preukazovanie a preskúmavanie vybraných dokladov v samospráve |c Jozef Sýkora |
| 520 | |a Príspevok je venovaný vybraným dokladom účtovného a neúčtovného charakteru z hľadiska preskúmavania a preukazovania v praxi jednotiek územne samosprávy. Preskúmavanie zodpovednými zamestnancami sa zameriava na vecnú, formálnu a časovú stránku dokladov ako súčasti účtovných prípadov v územnej samospráve. | ||
| 610 | 2 | 0 | |a samospráva |
| 610 | 2 | 0 | |a doklady účtovné |
| 610 | 2 | 0 | |a faktúry |
| 610 | 2 | 0 | |a dodávatelia |
| 610 | 2 | 0 | |a reklamácie |
| 610 | 2 | 0 | |a mzdy |
| 100 | 1 | |a Sýkora, Jozef | |